[Event "ICS Rated blitz match"]
[Site "207.99.83.227"]
[Date "1999.04.30"]
[Round "?"]
[White "rajah"]
[Black "Hossa"]
[Result "1-0"]
[WhiteElo "2489"]
[BlackElo "2485"]
[PlyCount "177"]

1. e4 e6 2. c4 Nc6 3. Nf3 e5 4. Nc3 Nf6 5. Be2 Bb4 6. d3 O-O 7. O-O Bc5 8. Nd5
Ng4 9. h3 Nxf2 10. Rxf2 Bxf2+ 11. Kxf2 d6 12. Bg5 Qd7 13. Kg1 f5 14. exf5 Rxf5
15. Qd2 Rf7 16. Be3 Ne7 17. Nc3 Nf5 18. Ng5 Rf8 19. Rf1 Qd8 20. Nce4 Nxe3 21.
Rxf8+ Qxf8 22. Qxe3 h6 23. Nf3 Be6 24. a3 a5 25. d4 exd4 26. Nxd4 Re8 27. Bd3
Bf7 28. Qg3 Kh8 29. Qg4 Qg8 30. Nf5 Re5 31. Nh4 Qe8 32. Qf4 Qe6 33. Nf3 Rf5 34.
Qh4 Qd7 35. Neg5 Rf6 36. Nxf7+ Qxf7 37. Qe4 g6 38. Qxb7 Qe8 39. Qa7 c5 40. Kh2
Qe3 41. Qa8+ Kg7 42. Qb7+ Kh8 43. Be4 Qf4+ 44. g3 Qe3 45. Qc8+ Kg7 46. Bd5 Qf2+
47. Kh1 Rf8 48. Qe6 Qf1+ 49. Ng1 Qf6 50. Qd7+ Kh8 51. b3 Rb8 52. Qc7 Qf8 53.
Bb7 Qd8 54. Qxd8+ Rxd8 55. Bc6 Rb8 56. Ba4 Rd8 57. Ne2 d5 58. cxd5 Rxd5 59. Nf4
Rd6 60. Bb5 Rd1+ 61. Kg2 Rd2+ 62. Kf3 Rc2 63. Bc4 Rc3+ 64. Kf2 a4 65. Nd5 Rxb3
66. Bxb3 axb3 67. a4 b2 68. Nc3 b1=Q 69. Nxb1 g5 70. a5 Kg7 71. a6 g4 72. hxg4
Kf6 73. a7 c4 74. a8=Q Kg7 75. Qe4 Kf6 76. Qxc4 Kg7 77. Qd4+ Kf7 78. Qh8 Ke6
79. Qxh6+ Ke5 80. Qg7+ Kd5 81. Nc3+ Ke6 82. g5 Kd6 83. g6 Ke6 84. Qf7+ Ke5 85.
g7 Kd6 86. g8=Q Kc5 87. Qf6 Kb4 88. Qd4+ Ka3 89. Qa2# {Hossa checkmated} 1-0

[Event "ICS Rated blitz match"]
[Site "207.99.83.227"]
[Date "1999.04.30"]
[Round "?"]
[White "Hossa"]
[Black "rajah"]
[Result "0-1"]
[WhiteElo "2469"]
[BlackElo "2505"]
[PlyCount "95"]

1. e4 e6 2. c4 c5 3. Nc3 Nc6 4. Nf3 Nf6 5. Be2 Be7 6. d4 cxd4 7. Nxd4 O-O 8.
O-O Bb4 9. Ndb5 a6 10. Nd6 Qc7 11. Nxc8 Raxc8 12. Bf3 Ne5 13. Bf4 Nxf3+ 14.
Qxf3 Qxc4 15. e5 Bxc3 16. bxc3 Ne4 17. Rac1 f6 18. Qe3 Nxc3 19. Rc2 Qa4 20.
Rxc3 Rxc3 21. Qxc3 Qxf4 22. Qc7 Qxe5 23. Qxd7 b5 24. a3 Qd5 25. Qc7 Rd8 26. Qb6
Qd6 27. Qe3 e5 28. Qb3+ Qd5 29. Qb4 Rd7 30. Qg4 Qc6 31. Rd1 Rd4 32. Qh5 Qd7 33.
Re1 Rd3 34. Ra1 Qe7 35. a4 b4 36. Qg4 Qd7 37. Qc4+ Kh8 38. Rf1 a5 39. Qc5 Qd8
40. Qb5 Rd1 41. f3 Qd4+ 42. Kh1 h6 43. h3 Rxf1+ 44. Qxf1 b3 45. Qc1 Qd3 46. Kh2
Qc2 47. Qe1 b2 48. Qxa5 {Hossa resigns} 0-1

[Event "ICS rated blitz match"]
[Site "207.99.83.227"]
[Date "1999.04.30"]
[Round "?"]
[White "Hossa"]
[Black "MissSilicon"]
[Result "1/2-1/2"]
[WhiteElo "2455"]
[BlackElo "2568"]
[PlyCount "105"]

1. e4 c5 2. Nf3 Nc6 3. d4 cxd4 4. Nxd4 d5 5. Nxc6 bxc6 6. exd5 Qxd5 7. Qxd5
cxd5 8. Nc3 Nf6 9. Bg5 e6 10. Bb5+ Bd7 11. Bxf6 gxf6 12. Bxd7+ Kxd7 13. O-O-O
Bd6 14. g3 Rhc8 15. f4 Rc4 16. Nb5 Bb4 17. Rd3 Rac8 18. Nxa7 Rxc2+ 19. Kb1 R8c4
20. a3 Rd2 21. Rxd2 Bxd2 22. Rd1 Be3 23. Nb5 d4 24. b3 Rc5 25. a4 e5 26. Na3
exf4 27. gxf4 Rd5 28. Nc4 Kc6 29. Nxe3 dxe3 30. Re1 Rd3 31. Kc2 Rd2+ 32. Kc3
Rxh2 33. Rxe3 Rf2 34. Rh3 Kd5 35. Rxh7 Rf3+ 36. Kb4 Rxf4+ 37. Kb5 Ke6 38. a5
Rf5+ 39. Kb6 Rd5 40. a6 Rd6+ 41. Ka5 Rd5+ 42. Kb4 Rd6 43. Kb5 Rd5+ 44. Kc6 Rd6+
45. Kb7 Rd7+ 46. Kb8 Rd8+ 47. Kc7 Rd7+ 48. Kc6 Rd6+ 49. Kb7 Rd7+ 50. Kb8 Rd8+
51. Kc7 Rd7+ 52. Kc6 Rd6+ 53. Kb7 {Game drawn by repetition} 1/2-1/2

[Event "ICS Rated blitz match"]
[Site "207.99.83.227"]
[Date "1999.04.30"]
[Round "?"]
[White "MissSilicon"]
[Black "Hossa"]
[Result "0-1"]
[WhiteElo "2563"]
[BlackElo "2460"]
[PlyCount "114"]

1. d4 d5 2. c4 c6 3. cxd5 cxd5 4. Nf3 Nf6 5. Nc3 e6 6. Bf4 Bb4 7. Bxb8 Bxc3+ 8.
bxc3 Rxb8 9. Qa4+ Bd7 10. Qxa7 O-O 11. Ne5 Qc7 12. Qa3 Rbc8 13. Rc1 Bb5 14. f3
Ne8 15. e3 Bxf1 16. Kxf1 Nd6 17. Qb4 Ra8 18. Rc2 f6 19. Nd3 Nc4 20. Kf2 Qc6 21.
Re1 Ra4 22. Qe7 Re8 23. Qc5 Qd7 24. Rb1 Na3 25. Qb6 Rc8 26. Nc5 Rxc5 27. dxc5
Nxc2 28. Qd6 Qxd6 29. cxd6 Rxa2 30. d7 Nd4+ 31. Kg1 Nc6 32. Rxb7 Kf8 33. Rc7
Nd8 34. c4 dxc4 35. Rc8 Ke7 36. Rxc4 Kxd7 37. Rh4 h6 38. Rg4 g5 39. h4 Nc6 40.
Kh2 Ra3 41. hxg5 hxg5 42. e4 Ne5 43. Rg3 Kc6 44. Kg1 Rb3 45. Kf2 Nd3+ 46. Ke2
Nf4+ 47. Kf2 Rb2+ 48. Kf1 e5 49. Rg4 Nd3 50. Rg3 Kc5 51. Rg4 Rf2+ 52. Kg1 Re2
53. Rg3 Re1+ 54. Kh2 Nf2 55. Rh3 Rh1+ 56. Kg3 Nxh3 57. gxh3 57... Kd4 {
MissSilicon resigns} 0-1

[Event "ICS Rated blitz match"]
[Site "207.99.83.227"]
[Date "1999.04.30"]
[Round "?"]
[White "ColonialPast"]
[Black "Hossa"]
[Result "0-1"]
[WhiteElo "2212"]
[BlackElo "2481"]
[PlyCount "29"]

1. e4 c5 2. Nf3 Nc6 3. d4 cxd4 4. Nxd4 d5 5. Nxc6 bxc6 6. exd5 Qxd5 7. Qxd5
cxd5 8. c4 d4 9. c5 Rb8 10. Nd2 e5 11. Nb3 Be6 12. f4 Bxb3 13. axb3 e4 14. Rxa7
Bxc5 15. Bc4 {ColonialPast resigns} 0-1

[Event "ICS Rated blitz match"]
[Site "207.99.83.227"]
[Date "1999.04.30"]
[Round "?"]
[White "Hossa"]
[Black "ColonialPast"]
[Result "1-0"]
[WhiteElo "2487"]
[BlackElo "2206"]
[PlyCount "45"]

1. d4 Nf6 2. c4 e6 3. Nc3 Bb4 4. Qc2 O-O 5. Bg5 d5 6. e3 Nbd7 7. Nf3 c5 8. Bd3
dxc4 9. Bxh7+ Kh8 10. Ne5 Qa5 11. Nxc4 Bxc3+ 12. bxc3 Qb5 13. Bxf6 Nxf6 14. Bd3
cxd4 15. cxd4 Qh5 16. O-O Bd7 17. Ne5 Rac8 18. Qb3 Bc6 19. Nxc6 bxc6 20. Qa3 c5
21. Ba6 Rcd8 22. Qxc5 Rd5 23. Qxf8+ {ColonialPast resigns} 1-0

[Event "ICS Rated blitz match"]
[Site "207.99.83.227"]
[Date "1999.04.30"]
[Round "?"]
[White "ColonialPast"]
[Black "Hossa"]
[Result "1/2-1/2"]
[WhiteElo "2201"]
[BlackElo "2492"]
[PlyCount "111"]

1. e4 c5 2. Nf3 Nc6 3. d4 cxd4 4. Nxd4 d5 5. Nxc6 bxc6 6. exd5 Qxd5 7. Qxd5
cxd5 8. Bb5+ Bd7 9. Bxd7+ Kxd7 10. O-O e6 11. Nd2 Rc8 12. c3 Kc7 13. Nb3 Nf6
14. Bf4+ Bd6 15. Bxd6+ Kxd6 16. Rfc1 Rcg8 17. c4 dxc4 18. Rxc4 Nd5 19. Nd4 Rb8
20. b3 Rb6 21. Rac1 Ra6 22. Rc6+ Rxc6 23. Rxc6+ Ke5 24. Nf3+ Kf6 25. Ra6 Ra8
26. a3 h5 27. h4 Nc7 28. Rc6 Nd5 29. Rd6 Rc8 30. Ra6 Rc1+ 31. Kh2 Rc7 32. b4
Rd7 33. Rc6 Re7 34. b5 g6 35. a4 Rb7 36. Ng5 Kf5 37. Rc5 f6 38. Nf3 Ke4 39. Rc6
e5 40. Nd2+ Kf5 41. Nc4 Rd7 42. a5 g5 43. hxg5 Kxg5 44. b6 axb6 45. Nxb6 Nxb6
46. Rxb6 Ra7 47. a6 h4 48. Kh3 f5 49. g3 hxg3 50. Kxg3 e4 51. f4+ exf3 52. Kxf3
Ra8 53. Rc6 Ra7 54. Rb6 Ra8 55. Rc6 Ra7 56. Rb6 {Game drawn by repetition}
1/2-1/2

[Event "ICS Rated blitz match"]
[Site "207.99.83.227"]
[Date "1999.04.30"]
[Round "?"]
[White "Hossa"]
[Black "ColonialPast"]
[Result "1-0"]
[WhiteElo "2481"]
[BlackElo "2212"]
[PlyCount "35"]

1. e4 c6 2. d4 d5 3. exd5 cxd5 4. Nf3 Nf6 5. Bb5+ Bd7 6. Bxd7+ Nbxd7 7. O-O e6
8. Bg5 Be7 9. Qd3 O-O 10. Nbd2 a6 11. b3 Rc8 12. c4 Re8 13. Rae1 h6 14. Bxf6
Nxf6 15. Ne5 Qa5 16. Re2 Qxa2 17. cxd5 Nxd5 18. Ndc4 {ColonialPast resigns} 1-0

[Event "ICS Rated blitz match"]
[Site "207.99.83.227"]
[Date "1999.04.30"]
[Round "?"]
[White "ColonialPast"]
[Black "Hossa"]
[Result "0-1"]
[WhiteElo "2206"]
[BlackElo "2487"]
[PlyCount "58"]

1. e4 c5 2. Nf3 Nc6 3. d4 cxd4 4. Nxd4 d5 5. Nxc6 bxc6 6. exd5 Qxd5 7. Qxd5
cxd5 8. Bb5+ Bd7 9. Bxd7+ Kxd7 10. O-O e6 11. Nd2 Rc8 12. c3 Kc7 13. Nf3 Bd6
14. Bd2 Nf6 15. Be3 Kb8 16. Rfc1 Ne4 17. Ng5 Nxg5 18. Bxg5 h5 19. Be3 Rcg8 20.
c4 Be5 21. Rab1 d4 22. Bd2 d3 23. b4 h4 24. Rb3 Rd8 25. Re1 Bd4 26. Kf1 Bf6 27.
Re3 Bg5 28. Rexd3 Bxd2 29. a4 29... Rxd3 {ColonialPast resigns} 0-1

[Event "ICS Rated blitz match"]
[Site "207.99.83.227"]
[Date "1999.04.30"]
[Round "?"]
[White "ColonialPast"]
[Black "Hossa"]
[Result "1/2-1/2"]
[WhiteElo "2182"]
[BlackElo "2502"]
[PlyCount "109"]

1. e4 c5 2. Nf3 Nc6 3. d4 cxd4 4. Nxd4 d5 5. Nxc6 bxc6 6. exd5 Qxd5 7. Qxd5
cxd5 8. Nc3 Nf6 9. Bg5 e6 10. Bb5+ Bd7 11. Bxf6 gxf6 12. Bxd7+ Kxd7 13. Ne2
Bb4+ 14. c3 Bc5 15. O-O Rag8 16. Rfd1 Rg5 17. Kf1 Ke8 18. c4 Rhg8 19. g3 Rf5
20. f4 Rh5 21. Kg2 dxc4 22. Rac1 Rg6 23. Rxc4 Rgh6 24. h4 Rg6 25. Kf3 Bb6 26.
b4 Rd5 27. Rxd5 exd5 28. Rc2 f5 29. a4 Re6 30. Rc3 Rf6 31. a5 Bd8 32. Nd4 Be7
33. Rb3 Kd7 34. b5 Bc5 35. Nc6 d4 36. Ne5+ Kc7 37. Nd3 Be7 38. Rb2 Bf8 39. Rc2+
Kb8 40. Ne5 Rd6 41. Nc6+ Kb7 42. Rd2 Bg7 43. Nb4 h5 44. Rd3 Rd7 45. Rd2 Bf8 46.
Nd3 Rd5 47. Rb2 Bd6 48. Rb3 a6 49. bxa6+ Kxa6 50. Rb6+ Ka7 51. Rc6 Kb7 52. Rb6+
Ka7 53. Rc6 Kb7 54. Rb6+ Ka7 55. Rc6 {Game drawn by repetition} 1/2-1/2

[Event "ICS rated blitz match"]
[Site "207.99.83.227"]
[Date "1999.04.30"]
[Round "?"]
[White "bookbuilder"]
[Black "Hossa"]
[Result "1-0"]
[WhiteElo "2654"]
[BlackElo "2481"]
[PlyCount "85"]

1. e4 c5 2. Nf3 Nc6 3. d4 cxd4 4. Nxd4 d5 5. Nxc6 bxc6 6. exd5 Qxd5 7. Qe2 Nf6
8. Nc3 Qf5 9. Qc4 Bd7 10. Bd3 Qe5+ 11. Ne2 Nd5 12. O-O O-O-O 13. Qc5 Qc7 14.
Ba6+ Kb8 15. Qc4 Qb6 16. Rd1 e5 17. Ng3 f5 18. Bg5 Bc5 19. Qe2 Rde8 20. Bc4 h6
21. Bc1 Qa5 22. c3 f4 23. Ne4 f3 24. Qxf3 Bb6 25. a4 Ref8 26. b4 Nxb4 27. cxb4
Qxb4 28. Qe2 Bg4 29. Qxg4 Qxc4 30. Bb2 Rxf2 31. Bxe5+ Ka8 32. Kh1 Rc2 33. Qg6
Rd8 34. Bxg7 h5 35. Qf5 Rg8 36. Bf8 Qa6 37. Qf7 Qe2 38. Qe8+ Kb7 39. Nd6+ Ka6
40. Qc8+ Ka5 41. Nb7+ Ka6 42. Nc5+ Ka5 43. Nb3# {Hossa checkmated} 1-0

[Event "ICS rated blitz match"]
[Site "207.99.83.227"]
[Date "1999.04.30"]
[Round "?"]
[White "Hossa"]
[Black "MissSilicon"]
[Result "0-1"]
[WhiteElo "2472"]
[BlackElo "2515"]
[PlyCount "89"]

1. d4 d5 2. c4 dxc4 3. Nf3 Nf6 4. e3 e6 5. Bxc4 a6 6. Nc3 Bd6 7. e4 b5 8. Bd3
Bb4 9. Bg5 h6 10. Bh4 Bb7 11. Qb3 Bxc3+ 12. Qxc3 g5 13. Bg3 Nxe4 14. Bxe4 Bxe4
15. O-O c6 16. d5 O-O 17. Bxb8 Qxb8 18. dxc6 b4 19. Qf6 Qd6 20. Rad1 Qxc6 21.
Qxh6 f6 22. Nxg5 fxg5 23. Qxg5+ Kf7 24. Rd4 Rg8 25. Qf4+ Bf5 26. f3 Qc2 27. Rd2
Qc5+ 28. Kh1 Rad8 29. Re2 Qb5 30. Ree1 Qb6 31. Re4 Qf2 32. Qc7+ Kg6 33. Qc1 Rc8
34. Qa1 Qb6 35. Ree1 Rc2 36. b3 Kf7 37. Rc1 Rgxg2 38. Rxc2 Rxc2 39. Rg1 Rc3 40.
Qd1 Qc6 41. Rf1 Bh3 42. Kg1 Bxf1 43. Qd4 Rxf3 44. Qa7+ Kg6 45. Qf2 {
Hossa resigns} 0-1

[Event "ICS rated blitz match"]
[Site "207.99.83.227"]
[Date "1999.04.30"]
[Round "?"]
[White "Hossa"]
[Black "totoff"]
[Result "1-0"]
[WhiteElo "2458"]
[BlackElo "2130"]
[PlyCount "107"]

1. e4 e6 2. d4 d5 3. e5 c5 4. c3 Nc6 5. Nf3 Qb6 6. Be2 Nge7 7. dxc5 Qxc5 8. Be3
Qa5 9. O-O Nf5 10. Bf4 Qb6 11. Qb3 Be7 12. Qxb6 axb6 13. Bb5 Bd7 14. Bd3 g6 15.
Bxf5 gxf5 16. Be3 Bc5 17. Nbd2 Bxe3 18. fxe3 Ke7 19. Rf2 Na5 20. Kh1 Bb5 21. a3
Nc4 22. Nd4 Ba6 23. Nxc4 Bxc4 24. Rd1 Rhg8 25. g3 h5 26. a4 Rg4 27. b3 Ba6 28.
Rf4 Rag8 29. Kg2 h4 30. Rxg4 Rxg4 31. Re1 Bd3 32. Kf2 h3 33. Rd1 Be4 34. Rc1
Bd3 35. Ke1 f6 36. exf6+ Kxf6 37. Kd2 Ba6 38. Nf3 Rg8 39. Re1 e5 40. Rd1 b5 41.
a5 Rb8 42. Kc2 Rd8 43. Ng1 Ke6 44. Nxh3 Rh8 45. Ng5+ Kf6 46. h4 b4 47. Rxd5
bxc3 48. Kxc3 Rc8+ 49. Kd2 Rc6 50. Rd7 Rc5 51. g4 Rxa5 52. Nh7+ Ke6 53. Nf8+
Kf6 54. g5# {totoff checkmated} 1-0

[Event "ICS rated blitz match"]
[Site "207.99.83.227"]
[Date "1999.04.30"]
[Round "?"]
[White "Hossa"]
[Black "totoff"]
[Result "1-0"]
[WhiteElo "2466"]
[BlackElo "2153"]
[PlyCount "61"]

1. d4 Nf6 2. Nf3 g6 3. Nc3 d5 4. Bf4 Bg7 5. Qd2 O-O 6. O-O-O b6 7. Ne5 Bb7 8.
Bh6 c5 9. Bxg7 Kxg7 10. e3 c4 11. Kb1 a6 12. e4 b5 13. exd5 Nxd5 14. Nxd5 Bxd5
15. h4 f6 16. Ng4 Nc6 17. h5 g5 18. h6+ Kh8 19. c3 Be4+ 20. Ka1 Bd5 21. Qe2 Na5
22. Ne3 Be4 23. Nxc4 bxc4 24. Qxe4 Rb8 25. Re1 Qb6 26. b4 cxb3 27. Qxe7 Rg8 28.
Re6 b2+ 29. Kb1 Qxe6 30. Qxe6 Rgf8 31. Qe7 {totoff resigns} 1-0

[Event "ICS rated blitz match"]
[Site "207.99.83.227"]
[Date "1999.04.30"]
[Round "?"]
[White "PostModernist"]
[Black "Hossa"]
[Result "0-1"]
[WhiteElo "2589"]
[BlackElo "2474"]
[PlyCount "120"]

1. e4 e5 2. Nf3 Nc6 3. d4 exd4 4. Nxd4 Bc5 5. Be3 Bxd4 6. Bxd4 Nf6 7. Nc3 O-O
8. Bxf6 Qxf6 9. Bd3 d5 10. exd5 Re8+ 11. Kf1 Ne5 12. Qd2 Nxd3 13. Qxd3 Bf5 14.
Qc4 c6 15. dxc6 bxc6 16. Rc1 Rab8 17. b3 Rbd8 18. Qb4 Bxc2 19. Qc5 Rd2 20. Kg1
Bd1 21. Kf1 Qd8 22. h4 Re6 23. Qxa7 Re7 24. Qc5 Qe8 25. Kg1 Re5 26. Qb6 Re1+
27. Kh2 Qe5+ 28. g3 Re3 29. Qxe3 Qxe3 30. Nxd1 Qf3 31. a4 h5 32. b4 Qa3 33.
Rxc6 Qxa4 34. Rc8+ Kh7 35. Rc1 Qxb4 36. Re1 f5 37. Kg1 Qg4 38. Ne3 Qf3 39. Rf1
Rxf2 40. Rxf2 Qxe3 41. Rcf1 Qxg3+ 42. Rg2 Qxh4 43. Rxf5 Kh6 44. Rxh5+ Kxh5 45.
Rh2 Qxh2+ 46. Kxh2 Kg4 47. Kg2 g6 48. Kh2 Kf3 49. Kg1 Kg3 50. Kf1 g5 51. Ke2 g4
52. Ke3 Kh2 53. Kf4 g3 54. Ke5 g2 55. Ke6 Kg3 56. Kd7 Kf4 57. Kc6 Ke5 58. Kb5
Kd5 59. Kb4 g1=Q 60. Kc3 60... Qd1 {PostModernist resigns} 0-1

[Event "ICS Rated blitz match"]
[Site "207.99.83.227"]
[Date "1999.04.30"]
[Round "?"]
[White "PostModernist"]
[Black "Hossa"]
[Result "1/2-1/2"]
[WhiteElo "2575"]
[BlackElo "2499"]
[PlyCount "146"]

1. e4 e5 2. Nf3 Nc6 3. Bb5 a6 4. Ba4 Nf6 5. O-O Be7 6. Re1 b5 7. Bb3 O-O 8. d3
d6 9. Bd2 Bg4 10. h3 Bh5 11. g4 Bg6 12. g5 Nh5 13. Bd5 Qe8 14. Nh4 Kh8 15. Qg4
Rb8 16. Na3 b4 17. Bxc6 Qxc6 18. Nc4 Bd8 19. a3 b3 20. Nxg6+ fxg6 21. cxb3 Qe8
22. b4 Nf4 23. Bxf4 Rxf4 24. Qg3 Qf7 25. Re3 Be7 26. Rc1 Rf8 27. Rc2 Bd8 28.
Na5 Qa2 29. Kg2 c5 30. Nc6 Bb6 31. bxc5 Bxc5 32. Ree2 Qe6 33. b4 Bb6 34. Red2
Qb3 35. Ne7 Bd4 36. Nd5 R4f7 37. Qg4 Qxa3 38. Qe6 Ra7 39. Rc8 Ra8 40. Rdc2 Bc5
41. Rxa8 Rxa8 42. Rc3 Qa2 43. bxc5 Rf8 44. Kh1 Qxf2 45. Rc1 Qf3+ 46. Kg1 Qg3+
47. Kh1 dxc5 48. Qg4 Qxd3 49. Rd1 Qb3 50. Rg1 a5 51. Kg2 Qb2+ 52. Kh1 Qd2 53.
Rg2 Qc1+ 54. Kh2 Qc4 55. h4 a4 56. Rg1 a3 57. Qg2 Qd3 58. Rc1 a2 59. Ra1 Qb1
60. Rxa2 Qe1 61. Kh3 Qd1 62. Ra7 c4 63. Rc7 Kg8 64. Ne7+ Kh8 65. Nd5 Kg8 66.
Ne7+ Kh8 67. Kh2 Qe1 68. Rxc4 Qxh4+ 69. Kg1 Qe1+ 70. Kh2 Qh4+ 71. Kg1 Qe1+ 72.
Kh2 Qh4+ 73. Kg1 73... Qe1+ {Game drawn by repetition} 1/2-1/2

[Event "ICS rated blitz match"]
[Site "207.99.83.227"]
[Date "1999.04.30"]
[Round "?"]
[White "Hossa"]
[Black "PostModernist"]
[Result "1-0"]
[WhiteElo "2519"]
[BlackElo "2572"]
[PlyCount "99"]

1. d4 Nf6 2. Nf3 d5 3. Bf4 g6 4. e3 Bg7 5. Bd3 Nc6 6. Nc3 a6 7. O-O Nb4 8. e4
Nxd3 9. cxd3 Bg4 10. Be5 e6 11. Bxf6 Qxf6 12. Qa4+ c6 13. Ne5 Qg5 14. f4 Qh4
15. Qb4 Bxe5 16. fxe5 Rb8 17. Rf6 Qg5 18. Kh1 Rg8 19. Qb6 Rg7 20. Qc7 Rd8 21.
Qxb7 c5 22. Qxa6 cxd4 23. Qa4+ Rd7 24. Qxd4 dxe4 25. Qxe4 Bf5 26. Qa8+ Rd8 27.
Qc6+ Kf8 28. Qc5+ Kg8 29. Qe7 Rf8 30. d4 Qd2 31. Qb4 Rc8 32. Rd1 Qc2 33. Rg1 g5
34. d5 g4 35. d6 h5 36. d7 Rd8 37. Qe7 Rxd7 38. Qe8+ Kh7 39. Qxd7 Qxb2 40. Rxf7
Rxf7 41. Qxf7+ Kh6 42. Qf6+ Bg6 43. Ne4 Qb8 44. Ng5 Qe8 45. Nxe6 Qf7 46. Qh8+
Bh7 47. Rd1 h4 48. Nf8 Kh5 49. Qxh7+ Qxh7 50. Nxh7 {PostModernist resigns} 1-0

[Event "ICS rated blitz match"]
[Site "207.99.83.227"]
[Date "1999.04.30"]
[Round "?"]
[White "haraldl"]
[Black "Hossa"]
[Result "0-1"]
[WhiteElo "2295"]
[BlackElo "2537"]
[PlyCount "54"]

1. e4 e5 2. Nf3 Nc6 3. Nc3 Nf6 4. Bb5 Bb4 5. O-O O-O 6. Bxc6 dxc6 7. d3 Qd6 8.
Ne2 Bg4 9. Ng3 Qe7 10. h3 Bd7 11. Qe2 a5 12. Nh4 Rad8 13. Nhf5 Qe6 14. Be3 a4
15. b3 Bc3 16. Rad1 axb3 17. axb3 Ra8 18. Kh1 Ra2 19. f4 Re8 20. fxe5 Qxe5 21.
Bf4 Qa5 22. Qf2 Be6 23. Rb1 Nd7 24. Be3 Ne5 25. Bd4 Nxd3 26. Bxg7 Nxf2+ 27.
Rxf2 27... Bxg7 {haraldl resigns} 0-1

[Event "ICS rated blitz match"]
[Site "207.99.83.227"]
[Date "1999.04.30"]
[Round "?"]
[White "matar"]
[Black "Hossa"]
[Result "0-1"]
[WhiteElo "2263"]
[BlackElo "2547"]
[PlyCount "94"]

1. e4 e5 2. Nf3 Nc6 3. Bb5 a6 4. Ba4 Nf6 5. Bxc6 dxc6 6. d3 Bb4+ 7. Nbd2 Qe7 8.
a3 Bd6 9. O-O O-O 10. Kh1 Be6 11. Rg1 Ng4 12. Qe2 Rad8 13. Nf1 Kh8 14. h3 Nf6
15. g4 Rg8 16. Ng3 Nxg4 17. hxg4 Bxg4 18. Kg2 Qf6 19. Rh1 Rge8 20. Be3 Re6 21.
Rag1 a5 22. Nf5 Rd7 23. Kf1 Qg6 24. Rxg4 Qxg4 25. Rxh7+ Kxh7 26. Ng5+ Qxg5 27.
Bxg5 b6 28. Qh5+ Kg8 29. Qg4 Bf8 30. Ne3 Bc5 31. Nf5 Bf8 32. Ke2 g6 33. Ng3 a4
34. f4 exf4 35. Bxf4 Bg7 36. c3 f5 37. Qf3 fxe4 38. Nxe4 Rf7 39. Qe3 b5 40. Kd2
c5 41. Bg3 c4 42. dxc4 Rfe7 43. cxb5 Rxe4 44. Qd3 Bh6+ 45. Kd1 Kh7 46. Bxc7
Re1+ 47. Kc2 47... Rc1# {matar checkmated} 0-1

[Event "ICS rated blitz match"]
[Site "207.99.83.227"]
[Date "1999.04.30"]
[Round "?"]
[White "matar"]
[Black "Hossa"]
[Result "1/2-1/2"]
[WhiteElo "2253"]
[BlackElo "2557"]
[PlyCount "128"]

1. e4 e5 2. Nf3 Nc6 3. Bb5 a6 4. Ba4 Nf6 5. Bxc6 dxc6 6. d3 Bb4+ 7. Nbd2 Qe7 8.
a3 Bd6 9. O-O O-O 10. Kh1 Be6 11. Rg1 Ng4 12. Qe2 Rad8 13. Nf1 Kh8 14. h3 Nf6
15. g4 Rg8 16. Ng3 Nxg4 17. hxg4 Bxg4 18. Kg2 Qf6 19. Rh1 Rge8 20. Be3 Re6 21.
Rag1 a5 22. Nf5 Rd7 23. Kf1 Qg6 24. Rxg4 Qxg4 25. Rxh7+ Kxh7 26. Ng5+ Qxg5 27.
Bxg5 b6 28. Qg4 Bf8 29. Ke2 Kg8 30. f3 g6 31. Bh6 c5 32. Bxf8 Kxf8 33. Ne3 b5
34. Qh4 Kg8 35. Ng4 Kg7 36. Qh6+ Kg8 37. Qg5 Rde7 38. Nf6+ Kg7 39. Nd5 Rd7 40.
Ne3 Kg8 41. Ng4 Rde7 42. b3 b4 43. a4 Kg7 44. Nh6 f6 45. Nf5+ Kf7 46. Nh6+ Kg7
47. Qh4 Re8 48. Ng4 Rh8 49. Qg3 Rh1 50. Qf2 f5 51. Ne3 fxe4 52. dxe4 Rc1 53.
Kd2 Rh1 54. Nc4 Rh3 55. Nxa5 Kh6 56. Nc4 c6 57. a5 Re8 58. Qg2 Rh5 59. Qg3 Re7
60. Ke3 Re8 61. Nd6 Re7 62. Nc4 Re8 63. Kf2 Re6 64. Ke3 64... Re8 {
Game drawn by repetition} 1/2-1/2

[Event "ICS rated blitz match"]
[Site "207.99.83.227"]
[Date "1999.04.30"]
[Round "?"]
[White "Hossa"]
[Black "matar"]
[Result "0-1"]
[WhiteElo "2562"]
[BlackElo "2278"]
[PlyCount "67"]

1. e4 c5 2. Nf3 e6 3. d4 cxd4 4. Nxd4 a6 5. Be2 Nf6 6. Nc3 Qc7 7. O-O Nc6 8.
Bg5 Nxd4 9. Qxd4 Bc5 10. Qd2 b5 11. Bxf6 gxf6 12. Qh6 Qe5 13. Qg7 Rf8 14. Qxh7
Bb7 15. Kh1 O-O-O 16. f4 Qc7 17. Bxb5 axb5 18. Nxb5 Qb6 19. c4 Rh8 20. Qxf7
Bxe4 21. Rad1 Rdg8 22. Qxd7+ Kb8 23. Rd2 f5 24. Re2 e5 25. Qc7+ Qxc7 26. Nxc7
Kxc7 27. Rxe4 fxe4 28. fxe5 Rf8 29. Ra1 e3 30. g4 Rf2 31. h3 Rxh3+ 32. Kg1 Rg3+
33. Kh1 e2 34. b4 {Hossa resigns} 0-1

[Event "ICS rated blitz match"]
[Site "207.99.83.227"]
[Date "1999.04.30"]
[Round "?"]
[White "Hossa"]
[Black "SuperChicken"]
[Result "0-1"]
[WhiteElo "2535"]
[BlackElo "2724"]
[PlyCount "111"]

1. Nf3 d5 2. g3 c6 3. Bg2 Bg4 4. O-O Nd7 5. d4 e6 6. Nbd2 Ngf6 7. Ne5 Nxe5 8.
dxe5 Nd7 9. Nf3 Bxf3 10. exf3 Nxe5 11. Re1 Bd6 12. f4 Nd7 13. f5 Qf6 14. fxe6
fxe6 15. Qh5+ g6 16. Qg4 Ne5 17. Qe2 O-O-O 18. f4 Nc4 19. Qxe6+ Qxe6 20. Rxe6
Bc5+ 21. Kh1 Rhe8 22. Bh3 Kc7 23. f5 gxf5 24. Bxf5 Rxe6 25. Bxe6 Re8 26. Bf4+
Bd6 27. Bf5 Bxf4 28. gxf4 h6 29. b3 Rf8 30. bxc4 Rxf5 31. cxd5 Rxf4 32. dxc6
Kxc6 33. Kg1 h5 34. Rb1 Rd4 35. Rf1 Rg4+ 36. Kf2 Rf4+ 37. Ke2 Rxf1 38. Kxf1 Kb5
39. Kf2 Kb4 40. Ke3 Ka3 41. Kd4 Kxa2 42. Kc5 Kb2 43. c4 Kb3 44. Kb5 a6+ 45. Ka5
Kxc4 46. Ka4 b5+ 47. Ka3 b4+ 48. Ka2 b3+ 49. Kb2 Kb4 50. h3 h4 51. Kc1 Kc3 52.
Kd1 b2 53. Ke2 b1=Q 54. Kf3 Qg6 55. Kf4 Kd4 56. Kf3 {Hossa resigns} 0-1

[Event "ICS rated blitz match"]
[Site "207.99.83.227"]
[Date "1999.04.30"]
[Round "?"]
[White "matar"]
[Black "Hossa"]
[Result "0-1"]
[WhiteElo "2285"]
[BlackElo "2527"]
[PlyCount "44"]

1. e4 e5 2. Nf3 Nc6 3. Bb5 a6 4. Ba4 Nf6 5. Bxc6 dxc6 6. d3 Bb4+ 7. Nbd2 Qe7 8.
O-O O-O 9. a3 Bd6 10. Kh1 Be6 11. Rg1 Ng4 12. Qe2 Rad8 13. Nf1 Kh8 14. h3 Nf6
15. g4 Rg8 16. Ng3 Nxg4 17. hxg4 Bxg4 18. Kg2 Qf6 19. Rh1 Rgf8 20. Be3 Kg8 21.
Rag1 Rd7 22. Kf1 22... Bxf3 {matar resigns} 0-1

[Event "ICS Rated blitz match"]
[Site "207.99.83.227"]
[Date "1999.05.01"]
[Round "?"]
[White "Varguz"]
[Black "Hossa"]
[Result "1-0"]
[WhiteElo "2728"]
[BlackElo "2533"]
[PlyCount "104"]

1. d4 Nf6 2. c4 g6 3. Nc3 Bg7 4. e4 d6 5. Nf3 O-O 6. Be2 Bg4 7. Be3 Nc6 8. d5
Ne5 9. Nxe5 Bxe2 10. Nxf7 Bxd1 11. Nxd8 Nxe4 12. Nxe4 Bc2 13. Ne6 Bxe4 14. Nxf8
Rxf8 15. O-O-O Bxg2 16. Rhg1 Bf3 17. Rde1 Be5 18. h4 Ra8 19. Kd2 a6 20. Bh6 Bh2
21. Ke3 Bxg1 22. Kxf3 Bh2 23. Rxe7 Rc8 24. Bg7 c6 25. Kg2 Bf4 26. Kf3 Bh2 27.
Bc3 cxd5 28. cxd5 Rc5 29. Rg7+ Kf8 30. Rxh7 Rxd5 31. Rxb7 Rb5 32. Ra7 Rb6 33.
Ke4 Bg1 34. Ke3 Rc6 35. Kf3 Bh2 36. Ke4 Rc4+ 37. Kd5 Ra4 38. a3 Bg1 39. Bb4
Bxf2 40. Ra8+ Kf7 41. b3 Rxb4 42. axb4 Bxh4 43. Rxa6 Be7 44. b5 g5 45. Ra8 g4
46. b6 g3 47. b7 g2 48. Ra1 Bf6 49. Rg1 Be5 50. b8=Q Bf6 51. Rxg2 Bg5 52. Rxg5
52... Kf6 {Hossa resigns} 1-0

[Event "ICS rated blitz match"]
[Site "207.99.83.227"]
[Date "1999.05.01"]
[Round "?"]
[White "brutus"]
[Black "Hossa"]
[Result "0-1"]
[WhiteElo "2169"]
[BlackElo "2525"]
[PlyCount "58"]

1. e4 c5 2. Nf3 e6 3. d4 cxd4 4. Nxd4 a6 5. Nc3 Bb4 6. Bd3 Bxc3+ 7. bxc3 Ne7 8.
O-O d6 9. Rb1 O-O 10. f4 Qa5 11. Bd2 Qxa2 12. Qh5 g6 13. Qg5 f6 14. Qh6 Qa5 15.
Rf3 b5 16. Rh3 Rf7 17. Rf1 e5 18. fxe5 dxe5 19. Rhf3 exd4 20. Rxf6 Rxf6 21.
Rxf6 Nd7 22. Bg5 Qxc3 23. e5 Nxf6 24. exf6 Qe1+ 25. Bf1 Nf5 26. Qh3 Qxf1+ 27.
Kxf1 Ne3+ 28. Bxe3 Bxh3 29. Bxd4 29... Bf5 {brutus resigns} 0-1